| 000 | 00837nam a2200205 i 4500 | ||
|---|---|---|---|
| 001 | 45797 | ||
| 003 | ES-MaACL | ||
| 005 | 20230906161258.0 | ||
| 007 | t| | ||
| 008 | 030327s1976 sp ||||1| spa d | ||
| 100 | 1 |
_aColletti, Lucio. _939697 |
|
| 245 | 1 | 0 |
_aPara una democracia socialista _b: estado de derecho y soberanía popular / _cLucio Colletti. Problemas de la política y del Estado en una sociedad socialista / Zdenek Mylnar. Cien años después de Gotha / X. Akademos ; [traducción, Juan Ramón Capella]. |
| 260 |
_a[Barcelona] : _bAnagrama, _c[1976] |
||
| 300 |
_a134 p. ; _c18 cm. |
||
| 700 | 1 |
_aMylnar, Zdenek. _984759 |
|
| 700 | 1 |
_aAkademos, X. _919031 |
|
| 740 | 0 | _aProblemas de la política y del Estado en una sociedad socialista. | |
| 740 | 0 | _aCien años después de Gotha. | |
| 852 |
_aES-MaACL _jA-5799 _bR.94784 |
||
| 999 |
_c45797 _d45797 |
||